| 000 | 00649nam a2200205 4500 | ||
|---|---|---|---|
| 001 | 149064 | ||
| 003 | ES-MaACL | ||
| 005 | 20230906202931.0 | ||
| 007 | t| | ||
| 008 | 070214s1958 sp r ||||1| spa d | ||
| 100 | 1 |
_aSvoboda, Karel. _9108907 |
|
| 245 | 1 | 3 |
_aLa estética de San Agustín y sus fuentes / _cKarel Svoboda ; versión y prólogo de Luis Rey Altuna. |
| 260 |
_aMadrid : _bEd. Augustinus, _c1958 ( _fImp. Sagrado Corazón) |
||
| 300 |
_a350 p. ; _c20 cm. |
||
| 490 | 1 | _aCol. Augustinus | |
| 700 | 1 |
_aRey Altuna, Luis. _996515 |
|
| 830 | 0 |
_aCol. Augustinus _9221066 |
|
| 852 |
_aES-MaACL _jC-14645 _bR.42542 |
||
| 999 |
_c149064 _d149064 |
||